000 00702nam a2200253Ia 4500
003 OSt
005 20221005124056.0
006 a|||||r|||| 00| 0
007 ta
008 221004b |||||||| |||| 00| 0 eng d
024 _a42808
037 _cTextual
040 _aCRL
_cCRL
_beng
041 _2eng
_aeng
082 _aO122:6M71x, 111K8
100 _aValery Paul
245 0 _aMasters and friends tr by Martin Turnell
260 _c1968
490 _aBollingen series; 45. Collected works of Paul Valery; 9
650 _a ENGLISH LITERATURE
650 _aFRENCH LITERATURE
_913614
942 _hO122:6M71x, 111K8
_cTEXL
_2cc
999 _c1049381
_d1049381